SPSS/PC+ (Record no. 69604)

MARC details
000 -LEADER
fixed length control field 00559nam a22001817a 4500
005 - DATE AND TIME OF LATEST TRANSACTION
control field 20230717092516.0
040 ## - CATALOGING SOURCE
Transcribing agency URS
050 ## - LIBRARY OF CONGRESS CALL NUMBER
Classification number HA 32 N67 1988
100 ## - MAIN ENTRY--PERSONAL NAME
9 (RLIN) 5540
Personal name Norusis, Marija J.
Relator term author
245 ## - TITLE STATEMENT
Title SPSS/PC+
Remainder of title studentware
Statement of responsibility, etc Marija J. Norusis
260 ## - PUBLICATION, DISTRIBUTION, ETC. (IMPRINT)
Place of publication, distribution, etc Chicago, Illinois
Name of publisher, distributor, etc SPSS Inc.
Date of publication, distribution, etc 1988
336 ## - CONTENT TYPE
Source rdacontent
Content type term text
Content type code txt
337 ## - MEDIA TYPE
Source rdamedia
Media type term unmediated
Media type code n
338 ## - CARRIER TYPE
Source rdacarrier
Carrier type term volume
Carrier type code nc
650 #0 - SUBJECT ADDED ENTRY--TOPICAL TERM
9 (RLIN) 5541
Topical term or geographic name as entry element SPSS/PC+ (Computer file)
650 #0 - SUBJECT ADDED ENTRY--TOPICAL TERM
9 (RLIN) 1474
Topical term or geographic name as entry element Social sciences
Form subdivision Statistical methods
General subdivision Computer programs
942 ## - ADDED ENTRY ELEMENTS (KOHA)
Source of classification or shelving scheme Library of Congress Classification
Koha item type Foreign Books
Holdings
Withdrawn status Lost status Source of classification or shelving scheme Damaged status Not for loan Home library Current library Shelving location Date acquired Total Checkouts Full call number Barcode Date last seen Price effective from Koha item type
    Library of Congress Classification     Binangonan College Library Binangonan College Library Foreign Section 07/17/2023   HA 32 N67 1988 URSBIN-2245 07/17/2023 07/17/2023 Foreign Books

University of Rizal System
Email us at univlibservices@urs.edu.ph

Visit our Website www.urs.edu.ph/library